La Ley del desarrollo desigual y los países liberados /

Gespeichert in:
Bibliographische Detailangaben
1. Verfasser: Primakov, Eugueni
Format: Text
Tags: Tag hinzufügen
Keine Tags, Fügen Sie den ersten Tag hinzu!

MARC

LEADER 00000 a a2200000 04500
001 3185
003
040
100 |a Primakov, Eugueni  
245 |a La Ley del desarrollo desigual y los países liberados /  |c Eugueni Primakov 
773 |g número 3; páginas 77-94  
999 |c 39522  |d 39522